Loading...
| Fine Arts - Painting and Sculpture | 0 | 4 | 0 | 1 | 40 | 101 | 120.00 | 0 | 2 | 2.50 | 13.33 |
| History - American | 0 | 2 | 0 | 0 | 20 | 68 | 87.00 | 1 | 1 | 6.67 | 15.56 |
| Fine Arts - Other | 0 | 2 | 0 | 1 | 20 | 98 | 108.00 | 0 | 1 | 1.72 | 8.89 |
| Current Events | 0 | 2 | 0 | 0 | 20 | 26 | 47.00 | 0 | 1 | 41.01 | 40.00 |
| Science - Physics | 0 | 1 | 0 | 0 | 10 | 107 | 107.00 | 0 | 1 | 0.86 | 8.89 |
| Fine Arts - Classical Music | 0 | 1 | 0 | 1 | 10 | 111 | 111.00 | 0 | 1 | 0.92 | 4.44 |
| History - World | 0 | 1 | 0 | 0 | 10 | 95 | 95.00 | 0 | 1 | 2.24 | 8.89 |
| Literature - American | 0 | 1 | 0 | 0 | 10 | 122 | 122.00 | 0 | 0 | 1.07 | 2.22 |
| Literature - European | 0 | 1 | 1 | 1 | 5 | 152 | 152.00 | 0 | 0 | 0.00 | 2.22 |
| Science - Other | 0 | 0 | 1 | 0 | -5 | 0.00 | 0 | 0 | 0.00 | 0.00 |